Score 0/12 Timer 01:30
3 Plays Today
% Correct
Doctor Dolittle
94.4%
Frankenstein
91.1%
Dr. No
90.8%
Doctor Dracula
88%
The Fugitive
84.3%
Doctor Zhivago
82.6%
Doctor Strange
78.6%
Dr. Strangelove
77.2%
Kinsey
74.6%
Doctor Faustus
70.9%
Dr. Jekyll and Mr. Hyde
65.8%
Doctor Detroit
56.4%

Today's Daily Dose

Remove Ads.
Support Sporcle.
Get the best of Sporcle when you Go Orange. This ad-free experience offers more features, more stats, and more fun while also helping to support Sporcle. Thank you for becoming a member.

You're not logged in!

Compare scores with friends on all Sporcle quizzes.
OR
Log In

Show Comments

Extras

Top Quizzes Today


Score Distribution

Your Account Isn't Verified!

In order to create a playlist on Sporcle, you need to verify the email address you used during registration. Go to your Sporcle Settings to finish the process.

Report this User

Report this user for behavior that violates our Community Guidelines.

Details: